[Event "BCF-chT1d 1516 (4NCL) Demotion pool"]
[Site "England"]
[Date "2016.05.01"]
[Round "10.155"]
[White "Sanchez Botella, Luis Javier"]
[Black "Longson, Alexander"]
[Result "1-0"]
[WhiteElo "2268"]
[BlackElo "2332"]
[PlyCount "73"]
[EventDate "2015.11.14"]
[EventType "team-tourn"]
[EventRounds "4"]
[EventCountry "ENG"]
[SourceTitle "EXT 2017"]
[Source "ChessBase"]
[SourceDate "2016.10.25"]
[SourceVersion "1"]
[SourceVersionDate "2016.10.25"]
[SourceQuality "1"]
[WhiteTeam "Grantham Sharks"]
[BlackTeam "3CS Oldham"]
[WhiteTeamCountry "ENG"]
[BlackTeamCountry "ENG"]

1. e4 e5 2. Nf3 Nc6 3. Bb5 a6 4. Ba4 Nf6 5. 0-0 Be7 6. Re1 b5 7. Bb3 d6 8. c3 0-0 9. h3 Na5 10. Bc2 c5 11. d4 Qc7 12. Nbd2 Be6 13. Nf1 Rfc8 14. Ne3 cxd4 15. cxd4 Nc4 16. Nxc4 Bxc4 17. b3 Be6 18. Bd3 exd4 19. Nxd4 Bd7 20. Bb2 Ne8 21. f4 g6 22. Qd2 Bf8 23. Rad1 Qb6 24. Kh1 Bg7 25. Nf3 Bxb2 26. Qxb2 a5 27. f5 Bc6 28. Qd2 Qd8 29. Qf4 Qe7 30. Nd4 Qb7 31. Rd2 Rd8 32. Rf2 Rd7 33. Rc1 Rc8 34. Nxb5 Bxb5 35. Rxc8 Qxc8 36. Bxb5 Re7 37. Bc4 1-0

[Event "San Sebastian op 38th"]
[Site "San Sebastian"]
[Date "2015.04.01"]
[Round "6"]
[White "Epishin, Vladimir"]
[Black "Sanchez Botella, Luis Javier"]
[Result "1-0"]
[WhiteElo "2563"]
[BlackElo "2259"]
[PlyCount "67"]
[EventDate "2015.03.28"]
[EventType "swiss"]
[EventRounds "9"]
[EventCountry "ESP"]
[SourceTitle "CBM 165 Extra"]
[Source "ChessBase"]
[SourceDate "2015.04.21"]
[SourceVersion "1"]
[SourceVersionDate "2015.04.21"]
[SourceQuality "1"]

1. d4 Nf6 2. Nf3 e6 3. c4 b6 4. g3 Bb7 5. Bg2 Be7 6. Nc3 Ne4 7. Bd2 Nxc3 8. Bxc3 0-0 9. Qc2 d5 10. 0-0 Nd7 11. Rfd1 Nf6 12. Ne5 c6 13. b4 Nd7 14. e4 Nxe5 15. dxe5 Qc7 16. exd5 cxd5 17. cxd5 Bxb4 18. Rac1 Qxc3 19. Qxc3 Bxc3 20. Rxc3 Rfd8 21. d6 Bxg2 22. Kxg2 Rac8 23. Rdc1 Rxc3 24. Rxc3 f6 25. f4 Kf7 26. Rc7+ Kg6 27. g4 h5 28. h3 hxg4 29. hxg4 fxe5 30. fxe5 a5 31. Re7 b5 32. Rxe6+ Kg5 33. Re7 b4 34. Kg1 1-0

[Event "San Sebastian op 38th"]
[Site "San Sebastian"]
[Date "2015.03.31"]
[Round "5"]
[White "Sanchez Botella, Luis Javier"]
[Black "Aranaz Murillo, Amalia"]
[Result "1-0"]
[WhiteElo "2259"]
[BlackElo "2319"]
[PlyCount "161"]
[EventDate "2015.03.28"]
[EventType "swiss"]
[EventRounds "9"]
[EventCountry "ESP"]
[SourceTitle "CBM 165 Extra"]
[Source "ChessBase"]
[SourceDate "2015.04.21"]
[SourceVersion "1"]
[SourceVersionDate "2015.04.21"]
[SourceQuality "1"]

1. d4 e6 2. Nf3 Nf6 3. c4 b6 4. g3 Bb7 5. Bg2 Be7 6. 0-0 0-0 7. Re1 Na6 8. Ne5 d5 9. cxd5 exd5 10. Nc3 c5 11. Bg5 h6 12. Bf4 Ne4 13. dxc5 Naxc5 14. Rc1 Bf6 15. Nxe4 Nxe4 16. Nd3 Rc8 17. Qa4 a5 18. Bh3 Nc5 19. Nxc5 Rxc5 20. Rxc5 bxc5 21. Qb5 Qe7 22. Qb6 Bc8 23. Bd6 Qd8 24. Bc7 Qe7 25. Bd6 Qd8 26. Bc7 Qe7 27. Bg2 Re8 28. Bxd5 Bxb2 29. Qxa5 Bh3 30. e3 Rc8 31. Rb1 Be5 32. Bxe5 Qxe5 33. e4 Qf6 34. Qa3 c4 35. Qe3 c3 36. Rc1 Qa6 37. f3 Be6 38. Rxc3 Rxc3 39. Qxc3 Bxd5 40. exd5 Qa7+ 41. Kh1 Qf2 42. Qc8+ Kh7 43. Qf5+ Kg8 44. Qc8+ Kh7 45. Qf5+ Kg8 46. Qd3 Qxa2 47. d6 Qa1+ 48. Kg2 Qa2+ 49. Kg1 Qa1+ 50. Kg2 Qa2+ 51. Kh3 Qe6+ 52. g4 Qd7 53. Qd5 h5 54. Qa8+ Kh7 55. Qe4+ Kg8 56. Qa8+ Kh7 57. Qd5 hxg4+ 58. fxg4 Kg8 59. Kg3 g6 60. h3 Kh7 61. h4 f5 62. gxf5 gxf5 63. Kf4 Kh6 64. Qe5 Qa4+ 65. Kxf5 Qc2+ 66. Ke6 Qb3+ 67. Ke7 Qb4 68. Qf6+ Kh7 69. Qf5+ Kh6 70. Qg5+ Kh7 71. Qh5+ Kg7 72. Qe5+ Kh7 73. h5 Kh6 74. Qd5 Kg7 75. Qg5+ Kh7 76. Qg6+ Kh8 77. Qf6+ Kh7 78. Ke8 Qb8+ 79. Qd8 Qb3 80. Qe7+ Kh6 81. Qf6+ 1-0

[Event "San Sebastian op 38th"]
[Site "San Sebastian"]
[Date "2015.03.28"]
[Round "1"]
[White "Sanchez Botella, Luis Javier"]
[Black "Baquedano Coarasa, Pablo"]
[Result "1-0"]
[WhiteElo "2259"]
[BlackElo "1781"]
[PlyCount "135"]
[EventDate "2015.03.28"]
[EventType "swiss"]
[EventRounds "9"]
[EventCountry "ESP"]
[SourceTitle "CBM 165 Extra"]
[Source "ChessBase"]
[SourceDate "2015.04.21"]
[SourceVersion "1"]
[SourceVersionDate "2015.04.21"]
[SourceQuality "1"]

1. e4 c5 2. Nf3 d6 3. d4 cxd4 4. Nxd4 Nf6 5. Nc3 a6 6. Be3 e5 7. Nb3 Be6 8. f3 Be7 9. Qd2 Nbd7 10. g4 0-0 11. 0-0-0 b5 12. Kb1 Nb6 13. Qf2 Nc4 14. Bc1 Qc7 15. g5 Nh5 16. Nd5 Bxd5 17. exd5 a5 18. h4 Rfc8 19. Bh3 Rcb8 20. Bg4 Nf4 21. Bxf4 exf4 22. Qd4 a4 23. Nc1 Ne3 24. Rd2 a3 25. b3 Bf8 26. Ne2 Nxg4 27. fxg4 f3 28. Ng3 Re8 29. Rd3 Rac8 30. Rc1 Qc5 31. Qxc5 Rxc5 32. Rxf3 Rxd5 33. Rcf1 Rde5 34. Kc1 d5 35. Kd2 Bb4+ 36. c3 Ba5 37. b4 Bb6 38. Rxf7 Re3 39. R7f3 d4 40. cxd4 Bxd4 41. Rxe3 Bxe3+ 42. Kd3 Bb6 43. Nf5 Re6 44. Rf4 h6 45. gxh6 gxh6 46. Re4 Rf6 47. Re8+ Kf7 48. Rh8 Bf2 49. Ke2 Bg1 50. Rxh6 Rxh6 51. Nxh6+ Ke6 52. Kd3 Bf2 53. Nf5 Be1 54. h5 Kf6 55. Ke4 Bxb4 56. Nd4 Kg5 57. Kf3 Bd6 58. Nxb5 Bc5 59. Nc3 Bf8 60. Ne4+ Kh6 61. Kf4 Bb4 62. Kf5 Kg7 63. g5 Ba5 64. h6+ Kh7 65. Nf6+ Kh8 66. Kg6 Bd2 67. Ne4 Bc1 68. Nd6 1-0

[Event "Gibraltar Challengers-B 13th"]
[Site "Caleta"]
[Date "2015.02.02"]
[Round "3"]
[White "Ungureanu, Sandu"]
[Black "Sanchez Botella, Luis Javier"]
[Result "0-1"]
[WhiteElo "2040"]
[BlackElo "2246"]
[PlyCount "102"]
[EventDate "2015.01.31"]
[EventType "swiss"]
[EventRounds "5"]
[EventCountry "GGB"]
[SourceTitle "CBM 164 Extra"]
[Source "ChessBase"]
[SourceDate "2015.03.02"]
[SourceVersion "1"]
[SourceVersionDate "2015.03.02"]
[SourceQuality "1"]

1. e4 e6 2. d4 d5 3. exd5 exd5 4. Bf4 Nf6 5. Bd3 Bg4 6. Nf3 Be7 7. Nbd2 Nc6 8. c3 Nh5 9. Bg3 Qd7 10. Qc2 Qe6+ 11. Kf1 Nxg3+ 12. fxg3 g6 13. h3 Bxf3 14. gxf3 0-0-0 15. Re1 Qf6 16. Kg2 Bd6 17. f4 g5 18. f5 h5 19. g4 h4 20. Re2 Bg3 21. Rd1 Rde8 22. Nf1 Qd6 23. Rxe8+ Rxe8 24. Rd2 Rd8 25. Re2 Ne7 26. Qd2 Bf4 27. Qe1 Ng8 28. Re8 Nf6 29. Rxd8+ Kxd8 30. Kf3 Qb6 31. Qf2 Qa5 32. b4 Qb6 33. a4 Qc6 34. Qc2 Qe8 35. a5 Qe1 36. b5 Ne4 37. c4 Ng3 38. Kg2 Nxf1 39. Bxf1 Qg3+ 40. Kh1 dxc4 41. Qg2 c3 42. Qxg3 hxg3 43. Bd3 Ke7 44. Bc2 Kd6 45. Bb3 Be3 46. Kg2 Bxd4 47. Kxg3 Kc5 48. b6 cxb6 49. axb6 a5 50. h4 gxh4+ 51. Kxh4 Kb4 0-1

[Event "Gibraltar Challengers-A 13th"]
[Site "Caleta"]
[Date "2015.01.29"]
[Round "4"]
[White "Sanchez Botella, Luis Javier"]
[Black "Vea, Odin Blikra"]
[Result "1-0"]
[WhiteElo "2246"]
[BlackElo "2242"]
[PlyCount "115"]
[EventDate "2015.01.26"]
[EventType "swiss"]
[EventRounds "5"]
[EventCountry "GGB"]
[SourceTitle "CBM 164 Extra"]
[Source "ChessBase"]
[SourceDate "2015.03.02"]
[SourceVersion "1"]
[SourceVersionDate "2015.03.02"]
[SourceQuality "1"]

1. d4 Nf6 2. Nf3 c5 3. e3 e6 4. c4 Be7 5. Nc3 b6 6. d5 d6 7. Be2 0-0 8. 0-0 e5 9. Nd2 Ne8 10. f4 f5 11. Qc2 Nd7 12. a3 g5 13. g3 Ng7 14. Nf3 g4 15. Ne1 e4 16. b4 h5 17. Bb2 h4 18. Kf2 Nh5 19. Bd1 Rf7 20. Ng2 Rh7 21. Ne2 Ng7 22. Qc3 a5 23. bxa5 bxa5 24. Ba4 Rb8 25. Bb5 Nf6 26. a4 hxg3+ 27. hxg3 Rh3 28. Rh1 Kf7 29. Rag1 Nfh5 30. Qb3 Bd7 31. Bc3 Bxb5 32. axb5 Ra8 33. Ra1 Qh8 34. Qd1 Nf6 35. Nh4 Qh5 36. Qf1 Nd7 37. Rxh3 gxh3 38. Qxh3 Bxh4 39. gxh4 Ne8 40. Rg1 Nef6 41. Rg5 Qf3+ 42. Qxf3 exf3 43. Kxf3 a4 44. Ng3 a3 45. Nxf5 a2 46. Nxd6+ Kf8 47. Ba1 Ra3 48. Rg2 Ke7 49. Nf5+ Kf7 50. b6 Nxb6 51. Rg7+ Kf8 52. Bxf6 a1Q 53. Bxa1 Rxa1 54. Rc7 Nxc4 55. d6 Nb6 56. Rxc5 Rd1 57. Nd4 Ke8 58. Ke4 1-0

[Event "La Roda op 41st"]
[Site "La Roda"]
[Date "2014.04.20"]
[Round "8"]
[White "Sanchez Botella, Luis Javier"]
[Black "Aguera Naredo, Javier"]
[Result "1-0"]
[WhiteElo "2236"]
[BlackElo "2362"]
[PlyCount "45"]
[EventDate "2014.04.16"]
[EventType "swiss"]
[EventRounds "9"]
[EventCountry "ESP"]
[SourceTitle "CBM 159 Extra"]
[Source "ChessBase"]
[SourceDate "2014.04.24"]
[SourceVersion "1"]
[SourceVersionDate "2014.04.24"]
[SourceQuality "1"]

1. d4 Nf6 2. c4 c5 3. Nf3 cxd4 4. Nxd4 e6 5. Nc3 a6 6. g3 Qc7 7. Bg2 Qxc4 8. Bf4 Nc6 9. Nb3 Qb4 10. 0-0 Be7 11. Bc7 0-0 12. e4 a5 13. a3 Qc4 14. Rc1 Nd4 15. Nxd4 Qxc7 16. Nd5 Qd8 17. Nxe7+ Qxe7 18. e5 Ne8 19. Nb5 f6 20. Nd6 Qd8 21. Qc2 fxe5 22. Nxc8 d5 23. Qc5 1-0

[Event "La Roda op 41st"]
[Site "La Roda"]
[Date "2014.04.17"]
[Round "3"]
[White "Campora, Daniel Hugo"]
[Black "Sanchez Botella, Luis Javier"]
[Result "1-0"]
[WhiteElo "2458"]
[BlackElo "2236"]
[PlyCount "41"]
[EventDate "2014.04.16"]
[EventType "swiss"]
[EventRounds "9"]
[EventCountry "ESP"]
[SourceTitle "CBM 159 Extra"]
[Source "ChessBase"]
[SourceDate "2014.04.24"]
[SourceVersion "1"]
[SourceVersionDate "2014.04.24"]
[SourceQuality "1"]

1. e4 c5 2. Nf3 e6 3. c3 d5 4. exd5 Qxd5 5. d4 cxd4 6. cxd4 Nf6 7. Nc3 Qd6 8. Bc4 Be7 9. 0-0 a6 10. a4 0-0 11. Qe2 Nc6 12. Rd1 Nb4 13. Ne5 Nbd5 14. Rd3 Bd7 15. Rh3 Rfe8 16. Bg5 g6 17. Qf3 Bc6 18. Ne4 Qd8 19. Bxd5 Bxd5 20. Nxf6+ Bxf6 21. Qxf6 1-0

[Event "Gibraltar Masters 12th"]
[Site "Caleta"]
[Date "2014.02.05"]
[Round "9"]
[White "Zude, Arno"]
[Black "Sanchez Botella, Luis Javier"]
[Result "1-0"]
[WhiteElo "2400"]
[BlackElo "2241"]
[PlyCount "45"]
[EventDate "2014.01.28"]
[EventType "swiss"]
[EventRounds "10"]
[EventCountry "GGB"]
[SourceTitle "CBM 159"]
[Source "ChessBase"]
[SourceDate "2014.03.17"]
[SourceVersion "1"]
[SourceVersionDate "2014.03.17"]
[SourceQuality "1"]

1. e4 c5 2. Nf3 e6 3. d4 cxd4 4. Nxd4 a6 5. Nc3 d6 6. Be2 Nf6 7. f4 Nc6 8. Be3 Be7 9. 0-0 Qc7 10. Kh1 0-0 11. Qe1 Re8 12. Qg3 Rb8 13. Rad1 Bd7 14. e5 Nd5 15. Nf5 g6 16. exd6 Bxd6 17. Nxd6 Qxd6 18. Ne4 Qc7 19. c4 Nxe3 20. Rxd7 Nxf1 21. Nf6+ Kg7 22. Qc3 Qxf4 23. Nh5+ 1-0

[Event "Gibraltar Masters 12th"]
[Site "Caleta"]
[Date "2014.02.04"]
[Round "8"]
[White "Sanchez Botella, Luis Javier"]
[Black "Zhu, Chen"]
[Result "1/2-1/2"]
[WhiteElo "2241"]
[BlackElo "2481"]
[PlyCount "125"]
[EventDate "2014.01.28"]
[EventType "swiss"]
[EventRounds "10"]
[EventCountry "GGB"]
[SourceTitle "CBM 159"]
[Source "ChessBase"]
[SourceDate "2014.03.17"]
[SourceVersion "1"]
[SourceVersionDate "2014.03.17"]
[SourceQuality "1"]

1. d4 Nf6 2. c4 e6 3. Nf3 b6 4. g3 Ba6 5. Qc2 c5 6. d5 exd5 7. cxd5 Bb7 8. Bg2 Nxd5 9. 0-0 Be7 10. Rd1 Qc8 11. Qf5 g6 12. Qe5 f6 13. Qe4 Nc3 14. Qc2 Nxd1 15. Qxd1 d5 16. Bh6 Qd7 17. h4 Na6 18. a3 Nc7 19. Nbd2 Ne6 20. Bh3 Bf8 21. Bxf8 Kxf8 22. b4 Qe7 23. Qb3 cxb4 24. axb4 Kg7 25. Bxe6 Qxe6 26. Nd4 Qd7 27. N2f3 Rhe8 28. Kg2 h5 29. e3 Qg4 30. b5 Kh6 31. Ra4 Qd7 32. Qa2 Bc8 33. Ng1 Qb7 34. Ra6 Bd7 35. Nge2 Rec8 36. Nf4 Rc5 37. Qb1 Be8 38. Nfe6 Rc4 39. Qa1 Qe7 40. Rxb6 axb6 41. Qxa8 Kh7 42. Qb8 Bf7 43. Qxb6 Bxe6 44. Qxe6 Qxe6 45. Nxe6 Rb4 46. Nc7 Kg7 47. Nxd5 Rxb5 48. Nf4 Kh6 49. Ne6 Rb2 50. Nd4 Ra2 51. Kf1 g5 52. Nf3 Kg6 53. Kg2 Kf5 54. Nd4+ Ke4 55. Nf3 g4 56. Nd4 Kd3 57. Ne6 Kd2 58. Nf4 Ra5 59. Kf1 Kd1 60. Nd3 Ra1 61. Nf4 Kd2+ 62. Kg2 Ra5 63. Kf1 1/2-1/2

[Event "Gibraltar Masters 12th"]
[Site "Caleta"]
[Date "2014.02.03"]
[Round "7"]
[White "Sachdev, Tania"]
[Black "Sanchez Botella, Luis Javier"]
[Result "1/2-1/2"]
[WhiteElo "2442"]
[BlackElo "2241"]
[PlyCount "134"]
[EventDate "2014.01.28"]
[EventType "swiss"]
[EventRounds "10"]
[EventCountry "GGB"]
[SourceTitle "CBM 159"]
[Source "ChessBase"]
[SourceDate "2014.03.17"]
[SourceVersion "1"]
[SourceVersionDate "2014.03.17"]
[SourceQuality "1"]

1. d4 Nf6 2. c4 e6 3. Nf3 b6 4. g3 Ba6 5. Qc2 c5 6. d5 exd5 7. cxd5 Bb7 8. Bg2 Nxd5 9. 0-0 Be7 10. Rd1 Nb4 11. Qf5 g6 12. Qf4 0-0 13. Nc3 Bf6 14. a3 Nc2 15. Rb1 Nxa3 16. Ne4 Bxe4 17. Qxe4 Nxb1 18. Qxa8 Re8 19. Qxa7 Qe7 20. Be3 Qe4 21. Qa1 Qc2 22. Qxb1 Qxe2 23. b4 c4 24. Rd2 Rxe3 25. fxe3 Qxe3+ 26. Kf1 Nc6 27. Re2 Qc3 28. Nd2 d5 29. Bxd5 Nd4 30. Rf2 Nc2 31. Be4 Ne3+ 32. Ke1 Bg5 33. Re2 Ng4 34. Qc2 Qxb4 35. h4 Bh6 36. Bd5 Ne3 37. Qe4 Nxd5 38. Qxd5 c3 39. Re8+ Bf8 40. Nb3 c2+ 41. Kf2 Qxb3 42. Qxb3 c1Q 43. Qxb6 Qc2+ 44. Kg1 Qc1+ 45. Kg2 Qc2+ 46. Kf3 Qd3+ 47. Qe3 Qxe3+ 48. Kxe3 h5 49. Ke4 Kg7 50. Kd5 Ba3 51. Re3 Bb4 52. Rb3 Be7 53. Kc6 g5 54. Kd7 Bf6 55. Rb4 gxh4 56. gxh4 Be5 57. Rb5 f6 58. Ke6 Kg6 59. Rb1 Bc3 60. Rg1+ Kh6 61. Kf7 Be5 62. Rg8 Kh7 63. Rc8 Bb2 64. Rc2 Be5 65. Rc5 Kh6 66. Rb5 Kh7 67. Ra5 Kh6 1/2-1/2

[Event "Gibraltar Challengers-A 12th"]
[Site "Caleta"]
[Date "2014.01.29"]
[Round "3"]
[White "Sanchez Botella, Luis Javier"]
[Black "Kozarcanin, Sead"]
[Result "0-1"]
[WhiteElo "2241"]
[BlackElo "2073"]
[PlyCount "164"]
[EventDate "2014.01.27"]
[EventType "swiss"]
[EventRounds "5"]
[EventCountry "GGB"]
[SourceTitle "CBM 158 Extra"]
[Source "ChessBase"]
[SourceDate "2014.02.28"]
[SourceVersion "1"]
[SourceVersionDate "2014.02.28"]
[SourceQuality "1"]

1. d4 d5 2. c4 c6 3. Nf3 Nf6 4. Nc3 a6 5. c5 Nbd7 6. Bf4 b6 7. cxb6 Qxb6 8. Na4 Qa5+ 9. Bd2 Qc7 10. Rc1 e6 11. e3 Ne4 12. Bd3 f5 13. 0-0 Bd6 14. g3 0-0 15. Qe1 Nxd2 16. Nxd2 e5 17. Nb3 e4 18. Be2 Bb7 19. Qa5 Rfc8 20. Qxc7 Rxc7 21. Nac5 Bxc5 22. Nxc5 Nxc5 23. Rxc5 Kf7 24. Rfc1 Ke6 25. b4 Kd6 26. R1c3 Bc8 27. Ra3 Rb8 28. Ra4 Rb6 29. a3 Ra7 30. Kf1 Kc7 31. Ke1 Rb8 32. b5 Bb7 33. bxa6 Bc8 34. Rb4 Rb6 35. Rxb6 Kxb6 36. Kd2 Bxa6 37. Bxa6 Rxa6 38. Rc3 g5 39. Rb3+ Kc7 40. Kc3 Ra8 41. Kb4 Rb8+ 42. Kc3 Ra8 43. Kb2 h5 44. Kc3 Ra4 45. Kd2 Ra8 46. Ke2 Ra4 47. h3 Rc4 48. Kd2 Ra4 49. Rc3 Ra8 50. Kd1 Ra4 51. Ke2 Ra8 52. f4 gxf4 53. gxf4 h4 54. Kf2 Rb8 55. Rc2 Rb3 56. Ra2 Kb6 57. Ke2 Kb5 58. a4+ Ka5 59. Rc2 Rb6 60. Rc5+ Kxa4 61. Kf2 Kb3 62. Ke2 Ra6 63. Kf1 Ra1+ 64. Kf2 Ra2+ 65. Kf1 Rc2 66. Ra5 Ra2 67. Rc5 Rc2 68. Ra5 Rh2 69. Ra8 Rxh3 70. Kf2 Rh2+ 71. Kf1 h3 72. Rh8 Kc3 73. Kg1 Rg2+ 74. Kf1 Rg3 75. Kf2 Rg2+ 76. Kf1 Kd3 77. Rxh3 Re2 78. Rh5 Rxe3 79. Rxf5 Rf3+ 80. Kg2 Kxd4 81. Rf8 c5 82. f5 Ke5 0-1

[Event "Gibraltar Masters 12th"]
[Site "Caleta"]
[Date "2014.01.28"]
[Round "1"]
[White "Dreev, Alexey"]
[Black "Sanchez Botella, Luis Javier"]
[Result "1-0"]
[WhiteElo "2673"]
[BlackElo "2241"]
[PlyCount "79"]
[EventDate "2014.01.28"]
[EventType "swiss"]
[EventRounds "10"]
[EventCountry "GGB"]
[SourceTitle "CBM 159"]
[Source "ChessBase"]
[SourceDate "2014.03.17"]
[SourceVersion "1"]
[SourceVersionDate "2014.03.17"]
[SourceQuality "1"]

1. d4 Nf6 2. c4 e6 3. Nc3 Bb4 4. Qc2 0-0 5. Nf3 c5 6. dxc5 Na6 7. g3 Nxc5 8. Bg2 Nce4 9. 0-0 Nxc3 10. bxc3 Be7 11. e4 d6 12. e5 dxe5 13. Nxe5 Qc7 14. Qe2 Nd7 15. Bf4 Nxe5 16. Bxe5 Bd6 17. Rfe1 Rb8 18. Rad1 Bxe5 19. Qxe5 Qxe5 20. Rxe5 b6 21. c5 f6 22. cxb6 Rxb6 23. Rc5 Bb7 24. Rc7 Rb8 25. Bf1 Bf3 26. Rd3 R6b7 27. Rxb7 Bxb7 28. c4 Rc8 29. Ra3 a6 30. Rb3 Rc7 31. f4 Kf7 32. Kf2 g5 33. Ke3 gxf4+ 34. gxf4 e5 35. fxe5 fxe5 36. Rb6 Ke7 37. Bd3 e4 38. Be2 Kf8 39. Bg4 Bc8 40. Rb8 1-0

[Event "Gibraltar Challengers-B 11th"]
[Site "Caleta"]
[Date "2013.01.30"]
[Round "5"]
[White "Olhovik, Andrei"]
[Black "Sanchez Botella, Luis Javier"]
[Result "1-0"]
[WhiteElo "2246"]
[BlackElo "2208"]
[PlyCount "271"]
[EventDate "2013.01.26"]
[EventType "swiss"]
[EventRounds "5"]
[EventCountry "GGB"]
[SourceTitle "EXT 2014"]
[Source "ChessBase"]
[SourceDate "2013.11.20"]
[SourceVersion "1"]
[SourceVersionDate "2013.11.20"]
[SourceQuality "1"]

1. f4 d5 2. Nf3 Nf6 3. g3 c5 4. Bg2 Nc6 5. 0-0 g6 6. d3 Bg7 7. Qe1 0-0 8. c3 Rb8 9. Nbd2 d4 10. Nc4 b5 11. Nce5 Bb7 12. a4 a6 13. axb5 axb5 14. e4 dxc3 15. bxc3 Nxe5 16. Nxe5 Nd7 17. Ng4 Nb6 18. Nf2 Na4 19. Bd2 Qd7 20. Rb1 Ba6 21. Qc1 c4 22. dxc4 bxc4 23. Rxb8 Rxb8 24. Rd1 Nb2 25. Re1 Nd3 26. Nxd3 cxd3 27. Qa1 Bc4 28. Rb1 Rc8 29. Rb4 e5 30. h3 Be6 31. Kh2 Qc7 32. f5 gxf5 33. Qa6 Bc4 34. Qa1 f4 35. Bf3 fxg3+ 36. Kxg3 Be6 37. Qb1 Qd8 38. Rb7 Kh8 39. Bg4 Bxg4 40. hxg4 Kg8 41. Qf1 Rc7 42. Rxc7 Qxc7 43. Qxd3 h6 44. Be3 Bf8 45. c4 Bc5 46. Bxh6 Qb6 47. Bd2 Bf2+ 48. Kg2 Bd4 49. Kh3 Qb2 50. Be3 Bxe3 51. Qxe3 Qc2 52. c5 Kh7 53. Kg3 Kg6 54. Kf3 f6 55. Kg3 Qc4 56. Kf2 Qc2+ 57. Kf1 Qd1+ 58. Kf2 Qc2+ 59. Ke1 Kg7 60. g5 Qb1+ 61. Kf2 Qb2+ 62. Kg3 fxg5 63. Qxg5+ Kf7 64. Qf5+ Ke7 65. Qh7+ Ke6 66. Qg6+ Ke7 67. Qd6+ Kf7 68. Kg4 Qc1 69. Qxe5 Qg1+ 70. Kf3 Qf1+ 71. Ke3 Qe1+ 72. Kd3 Qd1+ 73. Kc4 Qa4+ 74. Kd5 Qa2+ 75. Kc6 Qa6+ 76. Kd7 Qb7+ 77. Qc7 Qxe4 78. Kd8+ Kf8 79. Qd6+ Kf7 80. c6 Qe8+ 81. Kc7 Qa8 82. Qd5+ Kg6 83. Qe4+ Kf7 84. Kd7 Kf6 85. Qd4+ Kf7 86. Qf4+ Kg7 87. c7 Qd5+ 88. Qd6 Qb5+ 89. Kd8 Qa5 90. Ke8 Qh5+ 91. Kd8 Qa5 92. Qe7+ Kg8 93. Qe8+ Kg7 94. Qe4 Kf7 95. Qc4+ Kf8 96. Kd7 Qf5+ 97. Qe6 Qb5+ 98. Kd8 Qa5 99. Qf6+ Kg8 100. Kd7 Qa7 101. Qg5+ Kf7 102. Qd5+ Kf8 103. Kd8 Qb6 104. Kd7 Qa7 105. Qf3+ Kg7 106. Qg4+ Kf7 107. Qh5+ Kf8 108. Qe5 Kf7 109. Qd5+ Kf8 110. Kc8 Ke8 111. Qe4+ Kf7 112. Qb7 Qe3 113. Kb8 Qf4 114. Qc6 Qb4+ 115. Ka8 Qa5+ 116. Kb7 Qb4+ 117. Qb6 Qe4+ 118. Ka7 Qa4+ 119. Qa6 Qd4+ 120. Kb8 Qb4+ 121. Qb7 Qf4 122. Qb3+ Ke7 123. Qa3+ Kd7 124. Qd3+ Ke7 125. Qd8+ Kf7 126. Qd5+ Ke7 127. Qc5+ Kd7 128. Qb5+ Ke7 129. Kb7 Qe4+ 130. Ka6 Qe6+ 131. Kb7 Qe4+ 132. Kb8 Qf4 133. Qb1 Kd7 134. Qd1+ Kc6 135. Qc2+ Kd7 136. Qf5+ 1-0

[Event "Gibraltar Masters 11th"]
[Site "Caleta"]
[Date "2013.01.29"]
[Round "8"]
[White "Bellon Lopez, Juan Manuel"]
[Black "Sanchez Botella, Luis Javier"]
[Result "1-0"]
[WhiteElo "2404"]
[BlackElo "2196"]
[PlyCount "155"]
[EventDate "2013.01.22"]
[EventType "swiss"]
[EventRounds "10"]
[EventCountry "GGB"]
[SourceTitle "CBM 153"]
[Source "ChessBase"]
[SourceDate "2013.03.14"]
[SourceVersion "1"]
[SourceVersionDate "2013.03.14"]
[SourceQuality "1"]

1. d4 e6 2. Nf3 c5 3. e3 Nf6 4. Nbd2 b6 5. Bd3 Bb7 6. 0-0 Be7 7. b3 0-0 8. Bb2 d6 9. c4 Nbd7 10. Qe2 Re8 11. Ng5 h6 12. f4 d5 13. Nh3 Ne4 14. Nxe4 dxe4 15. Bc2 f5 16. g4 cxd4 17. Bxd4 Bf6 18. Rad1 Qe7 19. gxf5 exf5 20. Qh5 Qe6 21. b4 Bxd4 22. Rxd4 Nf6 23. Qe2 Red8 24. Rfd1 Qe7 25. Bb3 Kh7 26. a3 a5 27. Rxd8 Rxd8 28. Rxd8 Qxd8 29. Nf2 Bc6 30. Qd1 Qc7 31. Qd4 axb4 32. axb4 Be8 33. Bd1 Bf7 34. Be2 Qc6 35. Nd1 Bh5 36. Bxh5 Nxh5 37. b5 Qg6+ 38. Kf1 Qg4 39. Nf2 Qf3 40. Qd1 Qxd1+ 41. Nxd1 Nf6 42. Nc3 g5 43. Na4 Nd7 44. c5 bxc5 45. b6 Kg6 46. b7 c4 47. Nc3 Nb8 48. Ke2 Kf6 49. Nb5 g4 50. Kf2 h5 51. Kg3 Nc6 52. h4 gxh3 53. Kxh3 Kg6 54. Nc3 Nb8 55. Nd5 Na6 56. Kg3 Nb8 57. Kh4 Na6 58. Ne7+ Kf6 59. Nc6 Ke6 60. Nd4+ Kf6 61. Kxh5 c3 62. Nc2 Nb8 63. Nd4 Na6 64. Kh4 Nb8 65. Kg3 Ke7 66. Nxf5+ Kd7 67. Nd4 Kc7 68. Nb5+ Kxb7 69. Nxc3 Kc6 70. Nxe4 Kd5 71. Ng5 Nd7 72. Kg4 Nf6+ 73. Kf5 Nh5 74. Kg6 Ng3 75. f5 Kd6 76. f6 Kd7 77. f7 Ke7 78. Nh7 1-0

[Event "Gibraltar Masters 11th"]
[Site "Caleta"]
[Date "2013.01.26"]
[Round "5"]
[White "Kurmann, Oliver"]
[Black "Sanchez Botella, Luis Javier"]
[Result "0-1"]
[WhiteElo "2456"]
[BlackElo "2196"]
[PlyCount "114"]
[EventDate "2013.01.22"]
[EventType "swiss"]
[EventRounds "10"]
[EventCountry "GGB"]
[SourceTitle "CBM 153"]
[Source "ChessBase"]
[SourceDate "2013.03.14"]
[SourceVersion "1"]
[SourceVersionDate "2013.03.14"]
[SourceQuality "1"]

1. e4 c5 2. Nf3 e6 3. d4 cxd4 4. Nxd4 a6 5. Bd3 Bc5 6. Nb3 Ba7 7. Qe2 Nc6 8. Be3 d6 9. c4 Nge7 10. Nc3 0-0 11. 0-0 e5 12. Bxa7 Rxa7 13. Qe3 Be6 14. Rfd1 b6 15. Be2 Rd7 16. Rd2 Qb8 17. Rad1 Rfd8 18. h3 Ng6 19. Nd5 Rb7 20. g3 Nf8 21. Kh2 Nd7 22. a3 Nc5 23. Na1 Nd4 24. b4 Nd7 25. Nc2 Bxd5 26. cxd5 Nxe2 27. Qxe2 b5 28. Ne3 Rc7 29. Nf5 Nf6 30. Qe3 g6 31. Qh6 Ne8 32. Qg5 f6 33. Qg4 Kh8 34. Ne3 Qc8 35. Qf3 Qd7 36. g4 Qe7 37. Nc2 Rdc8 38. Na1 Ng7 39. Nb3 f5 40. Rd3 fxe4 41. Qxe4 Rc4 42. Qg2 Rf8 43. Rf3 Rxf3 44. Qxf3 Rf4 45. Qg3 Qf6 46. Kg2 h5 47. Rc1 Qg5 48. Rc8+ Kh7 49. f3 Rc4 50. Rc6 Qe3 51. f4 Qe2+ 52. Qf2 Qe4+ 53. Qf3 Qc2+ 54. Kg3 exf4+ 55. Kh4 g5+ 56. Kxg5 Qg6+ 57. Kh4 Kh6 0-1

[Event "Gibraltar Masters 11th"]
[Site "Caleta"]
[Date "2013.01.25"]
[Round "4"]
[White "Sanchez Botella, Luis Javier"]
[Black "Hamer, Martyn"]
[Result "1-0"]
[WhiteElo "2196"]
[BlackElo "2025"]
[PlyCount "87"]
[EventDate "2013.01.22"]
[EventType "swiss"]
[EventRounds "10"]
[EventCountry "GGB"]
[SourceTitle "CBM 153"]
[Source "ChessBase"]
[SourceDate "2013.03.14"]
[SourceVersion "1"]
[SourceVersionDate "2013.03.14"]
[SourceQuality "1"]

1. g3 Nf6 2. Bg2 d5 3. Nf3 c5 4. d3 g6 5. Nbd2 Bg7 6. 0-0 Nc6 7. e4 0-0 8. c3 e5 9. Re1 d4 10. Qe2 Ne8 11. a4 Nd6 12. Nh4 Be6 13. c4 Na5 14. b3 a6 15. Ba3 Qc7 16. b4 cxb4 17. Bxb4 Nc6 18. Ba3 Rfc8 19. f4 f6 20. f5 Bf7 21. fxg6 hxg6 22. Rab1 Rab8 23. Bh3 Rd8 24. Qg4 Ne7 25. Nb3 b6 26. c5 bxc5 27. Nxc5 Rxb1 28. Rxb1 Rb8 29. Rxb8+ Qxb8 30. Qd7 Nec8 31. Nxa6 Qb6 32. Nb4 Be8 33. Qe6+ Kh7 34. Qg4 Qc5 35. Qd1 Qc3 36. Qc1 Qxc1+ 37. Bxc1 Bxa4 38. Nd5 Bc2 39. Bf1 f5 40. exf5 gxf5 41. Nb4 Bb3 42. Bh3 Be6 43. Nf3 Nb6 44. Ng5+ 1-0